| 000 -LEADER |
| fixed length control field |
00624nam a2200181Ia 4500 |
| 001 - CONTROL NUMBER |
| control field |
10243 |
| 003 - CONTROL NUMBER IDENTIFIER |
| control field |
GE_BSU |
| 008 - FIXED-LENGTH DATA ELEMENTS--GENERAL INFORMATION |
| fixed length control field |
181216s||||||||xx |||||||||||||| ||und|| |
| 040 ## - CATALOGING SOURCE |
| Transcribing agency |
GE_BSU |
| 245 ## - TITLE STATEMENT |
| Title |
მოამბე.Bulletin.ტ.8 №1.იანვარი–თებერვალი–მარტი–აპრილი |
| 245 ## - TITLE STATEMENT |
| Remainder of title |
საქ.მეცნიერ.ეროვნული აკადემია |
| 245 ## - TITLE STATEMENT |
| Statement of responsibility, etc. |
მთ.რედ.გ.კვესიტაძე |
| 260 ## - PUBLICATION, DISTRIBUTION, ETC. |
| Place of publication, distribution, etc. |
თბილისი |
| 260 ## - PUBLICATION, DISTRIBUTION, ETC. |
| Date of publication, distribution, etc. |
2014 |
| 300 ## - PHYSICAL DESCRIPTION |
| Extent |
148стр.29см. |
| 653 ## - INDEX TERM--UNCONTROLLED |
| Uncontrolled term |
მოამბე |
| 942 ## - ADDED ENTRY ELEMENTS (KOHA) |
| Koha item type |
პერიოდიკა |